| 000 | 00915nam0a22002411 4500 | ||
|---|---|---|---|
| 001 | rc\2567119 | ||
| 005 | 20250623110958.0 | ||
| 035 | _a(NLR Aleph) 006731930 | ||
| 090 |
_a5553289 _c5553289 |
||
| 100 | _a20110914d1927 |||y0rusy50 ca | ||
| 101 | 0 | _arus | |
| 102 | _aRU | ||
| 105 | _aa z ||||| | ||
| 200 | 1 |
_aНовый тип актинометра для измерения напряжения солнечной радиации _fН. Н. Калитин |
|
| 210 |
_aЛенинград _cтип. гидрографич. упр. в.-морск. сил. РККА _d[1927] |
||
| 215 |
_a4 с. _cил., табл. _d27 см. |
||
| 300 | _aОтд. отт. из "Метеорол. вестника" № 1. 1927 г. | ||
| 700 | 1 |
_aКалитин _bН.Н. _f1884-1949 _gНиколай Николаевич |
|
| 801 | 0 |
_aRU _bNLR _gpsbo |
|
| 801 | 1 |
_aRU _bELAR _2rusmarc |
|
| 852 |
_aNLR _j97/1047 |
||
| 942 | _cBOOK | ||
| 980 | _aNB | ||